000 00315nam a22001337a 4500
008 171004b xxu||||| |||| 00| 0 eng d
020 _a019502443
041 _aeng
080 _a159.9
100 _a48
101 _aPSI
245 _aBASIC WRITING IN THE HISTORY PSYCHOLOGY
_cWATSON.R.I
942 _2udc
_cBK
999 _c31594
_d31594